000 00683nam a2200241 4500
003 OSt
005 20260601193854.0
008 260508b2002 bl a|||| |||| 00| 0 por d
040 _aICI
_bspa
_cICI
050 _aNK1390
_bB73 2002
245 1 _aBrasil Faz Design 2002 /
264 _aBrasil :
_bBrasil Faz Design,
_bSABRAE
_c2002
300 _a152 páginas :
_bilustraciones a color
336 _atexto
_2rdacontent
337 _asin medio
_2rdamedia
338 _avolumen
_2rdacarrier
650 _aDiseño industrial
650 _aDiseño gráfico
650 _aDiseño brasileño
650 _aCultura visual
_932708
650 _aExposiciones de diseño
942 _2lcc
_cB
_n1
999 _c21957
_d21957